Tratado de las idolatrias, supersticiones, dioses, ritos, hechicerias y otras costumbres gentilicas de las razas aborigenes de México (Record no. 10249)

MARC details
000 -CABECERA
campo de control de longitud fija 02075nam a2200349 a 4500
001 - NÚMERO DE CONTROL
campo de control BRL_1439
005 - FECHA Y HORA DE LA ÚLTIMA TRANSACCIÓN
campo de control 20190320211215.0
008 - DATOS DE LONGITUD FIJA--INFORMACIÓN GENERAL
campo de control de longitud fija 140114s1953----mx-a######---#001-0#spa-#
041 ## - CÓDIGO DE LENGUA
Código de lengua del texto/banda sonora o título independiente mx
044 ## - CÓDIGO DEL PAÍS DE LA ENTIDAD EDITORA/PRODUCTORA
Código MARC del país spa
050 #4 - SIGNATURA TOPOGRÁFICA DE LA BIBLIOTECA DEL CONGRESO
Número de clasificación F1219.3.R38
Número de documento/Ítem .R84 1953
100 1# - ENTRADA PRINCIPAL--NOMBRE DE PERSONA
Nombre de persona Ruiz de Alarcón, Hernando
9 (RLIN) 26912
245 10 - MENCIÓN DE TÍTULO
Título Tratado de las idolatrias, supersticiones, dioses, ritos, hechicerias y otras costumbres gentilicas de las razas aborigenes de México
Mención de responsabilidad, etc. Hernando Ruiz de Alarcón, Pedro Sánchez de Aguilar, Gonzalo de Balsalobre ; notas, comentarios y un estudio de Francisco del Paso y Troncoso.
250 ## - MENCIÓN DE EDICIÓN
Mención de edición 2. ed., ampliada con importantes suplementos e índices
260 ## - PUBLICACIÓN, DISTRIBUCIÓN, ETC.
Lugar de publicación, distribución, etc. México, D.F.
Nombre del editor, distribuidor, etc. Ediciones Fuente Cultural : Librería Navarro
Fecha de publicación, distribución, etc. 1953
300 ## - DESCRIPCIÓN FÍSICA
Extensión 477 p.
Otras características físicas il.
Dimensiones 23 cm.
440 #0 - MENCIÓN DE SERIE/PUNTO DE ACCESO ADICIONAL--TÍTULO
Título Biblioteca Navarro de historia y cultura mexicana
9 (RLIN) 26913
440 #0 - MENCIÓN DE SERIE/PUNTO DE ACCESO ADICIONAL--TÍTULO
Título Colección del México eterno
9 (RLIN) 26914
500 ## - NOTA GENERAL
Nota general Au1710
500 ## - NOTA GENERAL
Nota general Estado físico: Camisa en malas condiciones.
500 ## - NOTA GENERAL
Nota general Incluye índice onomástico, geográfico, general e índice del volumen una X
505 0# - NOTA DE CONTENIDO CON FORMATO
Nota de contenido con formato Tratado de supersticiones y costumbres gentílicas que oy viuen entre los indios naturales de esta Nueva España / Hernando Ruiz de Alarcón .- Informe contra los adoradores de ídolos del obispado de Yucatán año de 1639 / Dr. Pedro Sánchez de Aguilar .- Relación auténtica de las idolatrías, supersticiones y vanas observaciones de los indios del Obispado de Oaxaca / Br. Gonzalo de Balsalobre
650 14 - PUNTO DE ACCESO ADICIONAL DE MATERIA--TÉRMINO DE MATERIA
Término de materia o nombre geográfico como elemento de entrada Indígenas de México
Subdivisión general Religión y Mitología
9 (RLIN) 23675
650 14 - PUNTO DE ACCESO ADICIONAL DE MATERIA--TÉRMINO DE MATERIA
Término de materia o nombre geográfico como elemento de entrada Indígenas de México
Subdivisión general Medicina
9 (RLIN) 18381
650 14 - PUNTO DE ACCESO ADICIONAL DE MATERIA--TÉRMINO DE MATERIA
Término de materia o nombre geográfico como elemento de entrada Aztecas
Subdivisión general Religión y Mitología
9 (RLIN) 26915
650 14 - PUNTO DE ACCESO ADICIONAL DE MATERIA--TÉRMINO DE MATERIA
Término de materia o nombre geográfico como elemento de entrada Aztecas
Subdivisión general Medicina
9 (RLIN) 26916
700 1# - PUNTO DE ACCESO ADICIONAL--NOMBRE DE PERSONA
Nombre de persona Sánchez de aguilar, Pedro
Fechas asociadas al nombre 1555-1648
Título de la obra Informe contra idolorum cultores
9 (RLIN) 26917
700 1# - PUNTO DE ACCESO ADICIONAL--NOMBRE DE PERSONA
Nombre de persona Balsalobre, Gonzalo de
Título de la obra Relacion autentica de las idolatrias, supersticiones, vanas observaciones de los indios del obispado de Oaxaca
9 (RLIN) 26918
700 1# - PUNTO DE ACCESO ADICIONAL--NOMBRE DE PERSONA
Nombre de persona Paso y Troncoso, Francisco del
Fechas asociadas al nombre 1842-1916
9 (RLIN) 26919
902 ## - CATALOGADOR
Iniciales GRL
942 ## - ELEMENTOS DE PUNTO DE ACCESO ADICIONAL (KOHA)
Fuente del sistema de clasificación o colocación Library of Congress Classification
Tipo de ítem Koha Libros
Holdings
Estado de retiro Estado de pérdida Estado dañado No para préstamo Localización permanente Ubicación/localización actual Fecha de adquisición Número de inventario Total de préstamos Signatura topográfica completa Código de barras Fecha visto por última vez Precio válido a partir de Tipo de ítem Koha
El ejemplar forma parte de la colección y puede ser consultado según las políticas vigentes.       Biblioteca Centro de Estudios Ruth D. Lechuga Biblioteca Centro de Estudios Ruth D. Lechuga 14/01/2014 Au1710   F1219.3.R38 .R84 1953 (Au1710) GRL01599 22/03/2019 22/03/2019 Libros